| 000 | 00493nam a2200169Ia 4500 | ||
|---|---|---|---|
| 008 | 151213s9999 xx 000 0 und d | ||
| 020 | _a0-582-03088-9 | ||
| 100 | _aNotes By Harry Blamirs | ||
| 245 |
_aA. Portrait of The Artistes A. Young Man .James Joyce _cNotes By Harry Blamirs |
||
| 250 | _a1st | ||
| 260 |
_aLondon _bLongman York Press _c1984 |
||
| 300 | _a4894 p. | ||
| 650 | _aEnglish Literature | ||
| 650 | _aEnglish Literature | ||
| 700 | _aNotes By Harry Blamirs | ||
| 999 |
_c3077 _d3077 |
||